000 00659nam a2200181Ia 4500
008 151018s9999 xx 000 0 und d
082 _bRBASDV49291
_a891.434
100 _aशर्मा कुमार पाटील
245 _aसामाजिक समस्याएँ
250 _b1
260 _bआकाश गंगा प्रकाशन
_c2009
300 _a135
600 _aशर्मा कुमार पाटील
630 _aसामाजिक समस्याएँ
700 _aशर्मा कुमार पाटील
730 _aसामाजिक समस्याएँ
942 _cBOOK
999 _c1048414
_d1048411